Microwave photonic links : components and circuits /
This book presents the electrical models for the different elements of a photonic microwave link like lasers, external modulators, optical fibers, photodiodes and phototransistors. The future trends of these components are also introduced: lasers to VCSEL, external modulators to electro-absorption m...
| Main Author: | |
|---|---|
| Other Authors: | , |
| Format: | eBook |
| Language: | English |
| Published: |
London :
ISTE ;
[2011]
Hoboken, NJ : J. Wiley, [2011] |
| Subjects: | |
| Online Access: | Full Text via HEAL-Link |
| LEADER | 04075nam a2200769 4500 | ||
|---|---|---|---|
| 001 | ocn839675325 | ||
| 003 | OCoLC | ||
| 005 | 20170124071609.8 | ||
| 006 | m o d | ||
| 007 | cr cnu---unuuu | ||
| 008 | 130417s2011 enka ob 001 0 eng d | ||
| 040 | |a N$T |b eng |e pn |c N$T |d CUS |d DG1 |d IDEBK |d E7B |d UMI |d COO |d DEBSZ |d YDXCP |d OCLCQ |d OCLCF |d OCLCQ |d DEBBG |d GrThAP | ||
| 019 | |a 857716862 | ||
| 020 | |a 9781118586310 |q (electronic bk.) | ||
| 020 | |a 111858631X |q (electronic bk.) | ||
| 020 | |a 9781118586372 |q (electronic bk.) | ||
| 020 | |a 1118586379 | ||
| 020 | |a 9781118586358 | ||
| 020 | |a 1118586352 | ||
| 020 | |z 9781848212268 | ||
| 020 | |z 1848212267 | ||
| 029 | 1 | |a AU@ |b 000051636942 | |
| 029 | 1 | |a AU@ |b 000052006018 | |
| 029 | 1 | |a DEBBG |b BV041432027 | |
| 029 | 1 | |a DEBSZ |b 398279160 | |
| 029 | 1 | |a NZ1 |b 15915909 | |
| 029 | 1 | |a DEBBG |b BV043395735 | |
| 035 | |a (OCoLC)839675325 |z (OCoLC)857716862 | ||
| 037 | |a CL0500000277 |b Safari Books Online | ||
| 050 | 4 | |a TK5103.59 |b .R86 2011eb | |
| 072 | 7 | |a TEC |x 024000 |2 bisacsh | |
| 082 | 0 | 4 | |a 621.381/3 |2 22 |
| 049 | |a MAIN | ||
| 100 | 1 | |a Rumelhard, Christian. | |
| 245 | 1 | 0 | |a Microwave photonic links : |b components and circuits / |c Christian Rumelhard, Catherine Algani, Anne-Laure Billabert. |
| 264 | 1 | |a London : |b ISTE ; |c [2011] | |
| 264 | 1 | |a Hoboken, NJ : |b J. Wiley, |c [2011] | |
| 264 | 4 | |c ©2011 | |
| 300 | |a 1 online resource (xxi, 396 pages) : |b illustrations | ||
| 336 | |a text |b txt |2 rdacontent | ||
| 337 | |a computer |b c |2 rdamedia | ||
| 338 | |a online resource |b cr |2 rdacarrier | ||
| 504 | |a Includes bibliographical references (pages 367-391) and index. | ||
| 505 | 0 | |a General points -- Generation and modulation of light -- Optical fibers and amplifiers -- Photodetectors -- Performance of microwave photonic links -- Complement to microwave photonic link performances -- Electronic amplifiers in microwave photonic links -- Simulation and measurement of microwave photonic links -- Bibliography -- Index. | |
| 520 | |a This book presents the electrical models for the different elements of a photonic microwave link like lasers, external modulators, optical fibers, photodiodes and phototransistors. The future trends of these components are also introduced: lasers to VCSEL, external modulators to electro-absorption modulators, glass optical fibers to plastic optical fibers, photodiodes to UTC photodiodes or phototransistors. It also describes an original methodology to evaluate the performance of a microwave photonic link, based on the developed elcetrical models, that can be easily incorporated in commercial electrical circuits simulation software to simulate this complete link. | ||
| 588 | 0 | |a Print version record. | |
| 650 | 0 | |a Optical communications |x Equipment and supplies. | |
| 650 | 0 | |a Microwave communication systems |x Equipment and supplies. | |
| 650 | 0 | |a Telecommunication |x Switching systems. | |
| 650 | 4 | |a Optical communications |x Equipment and supplies. | |
| 650 | 4 | |a Photonics. | |
| 650 | 4 | |a Microwave communication systems |x Equipment and supplies. | |
| 650 | 4 | |a Telecommunication |x Switching systems. | |
| 650 | 7 | |a TECHNOLOGY & ENGINEERING |x Microwaves. |2 bisacsh | |
| 650 | 7 | |a Microwave communication systems |x Equipment and supplies. |2 fast |0 (OCoLC)fst01020183 | |
| 650 | 7 | |a Optical communications |x Equipment and supplies. |2 fast |0 (OCoLC)fst01046659 | |
| 650 | 7 | |a Telecommunication |x Switching systems. |2 fast |0 (OCoLC)fst01145944 | |
| 650 | 7 | |a Optical communications / Equipment and supplies. |2 local | |
| 650 | 7 | |a Photonics. |2 local | |
| 650 | 7 | |a Microwave communication systems / Equipment and supplies. |2 local | |
| 650 | 7 | |a Telecommunication / Switching systems. |2 local | |
| 655 | 4 | |a Electronic books. | |
| 700 | 1 | |a Algani, Catherine. | |
| 700 | 1 | |a Billabert, Anne-Laure. | |
| 776 | 0 | 8 | |i Print version: |a Rumelhard, Christian. |t Microwave photonic links. |d London : ISTE ; Hoboken, NJ : J. Wiley, 2011 |z 9781848212268 |w (DLC) 2010046517 |w (OCoLC)670479678 |
| 856 | 4 | 0 | |u https://doi.org/10.1002/9781118586372 |z Full Text via HEAL-Link |
| 994 | |a 92 |b DG1 | ||